000 00823cam a22002055a 4500
001 ##J100721
008 000000s1908 000 0 eng u
035 _a(Sirsi) u100721
041 0 _aeng
050 0 4 _a692 $2 18
100 1 _aRiley, Henry
245 0 0 _aReport of Council 1908
_band a paper on uniformity of measurement (steel and re-inforced concrete) with discussion
260 _aLondon
_bQuantity Surveyors' Association
_c1908
300 _a46p.
_c16cm.
520 _aAnnual General meeting took place on Friday 22 May, 1908. Following the formal business a paper was read regarding the system of using steel construction and reinforced concrete in modern buildings.
651 4 _aGreat Britain
_y1707-
690 _aQuantity surveying
_96263
710 2 _aQuantity Surveyors' Association
_93787
942 _n0
999 _c99778
_d99778